[Event "Nordic Chess Championship 2019"]
[Site "Quality Sarpsborg Hotel"]
[Date "2019.06.21"]
[Round "1"]
[White "Hammer, Jon Ludvig"]
[Black "Fernandez, Juan Pablo"]
[Result "1-0"]
[WhiteElo "2645"]
[BlackElo "2066"]
[PlyCount "85"]
[EventDate "2019.??.??"]

1. c4 c5 2. g3 g6 3. Bg2 Bg7 4. Nc3 Nc6 5. Nf3 e5 6. O-O d6 7. Ne1 Be6 8. d3
Nge7 9. e4 O-O 10. Nc2 Rb8 11. a3 a6 12. b4 b5 13. cxb5 axb5 14. Nd5 Qd7 15.
Bb2 Nd4 16. Nxd4 Bxd5 17. exd5 exd4 18. Bc1 Nc8 19. bxc5 dxc5 20. Bf4 Nb6 21.
Bxb8 Rxb8 22. Rb1 Nxd5 23. Bxd5 Qxd5 24. Qb3 Qxb3 25. Rxb3 Ra8 26. Rxb5 Rxa3
27. Rxc5 Rxd3 28. Rc8+ Bf8 29. Rb1 Kg7 30. Kg2 Rc3 31. Rxc3 dxc3 32. Rb3 Be7
33. Rxc3 Bf6 34. Rc4 h5 35. Kf3 Bg5 36. Ke4 h4 37. g4 Be7 38. f4 g5 39. Kf5
gxf4 40. Rxf4 Kh6 41. Rd4 Bf8 42. g5+ Kh5 43. Rd7
1-0

[Event "Nordic Chess Championship 2019"]
[Site "Quality Sarpsborg Hotel"]
[Date "2019.06.21"]
[Round "1"]
[White "Blauhut, Holger"]
[Black "Westerberg, Jonathan"]
[Result "0-1"]
[WhiteElo "2041"]
[BlackElo "2545"]
[PlyCount "112"]
[EventDate "2019.??.??"]

1. e4 c5 2. Nf3 Nc6 3. Bb5 g6 4. Bxc6 dxc6 5. d3 Bg7 6. h3 Nf6 7. O-O Nd7 8. a4
e5 9. Be3 O-O 10. Nbd2 Qe7 11. a5 Re8 12. Nb3 Rb8 13. Qd2 b6 14. axb6 axb6 15.
Ra7 Rb7 16. Rfa1 Nf8 17. Rxb7 Qxb7 18. Bh6 Bxh6 19. Qxh6 f6 20. Nbd2 Be6 21. b3
Ra8 22. Rxa8 Qxa8 23. Nf1 Qa1 24. Qd2 Bd7 25. Qe1 Qb2 26. Ne3 Ne6 27. Qd2 Kg7
28. Kh2 Qa1 29. g3 h5 30. Kg2 b5 31. Qe1 Qa3 32. Qd2 Nd4 33. Nxd4 cxd4 34. Nf1
Qa1 35. Nh2 Qc3 36. Nf1 Be6 37. f3 Kf7 38. g4 hxg4 39. hxg4 Qb2 40. Kg3 Qb1 41.
Kf2 c5 42. Qa5 Qxc2+ 43. Kg1 Qxd3 44. Qc7+ Kg8 45. Qe7 Bf7 46. Qxf6 Qxb3 47.
Qxe5 Qxf3 48. Qb8+ Kg7 49. Qe5+ Qf6 50. Qxc5 d3 51. Qe3 Qc3 52. e5 Qc4 53. Qg5
Qd4+ 54. Ne3 d2 55. Kg2 Qxe3 56. Qf6+ Kg8
0-1

[Event "Nordic Chess Championship 2019"]
[Site "Quality Sarpsborg Hotel"]
[Date "2019.06.21"]
[Round "1"]
[White "Tunsjø, Axel"]
[Black "Urkedal, Frode Olav Olsen"]
[Result "0-1"]
[WhiteElo "2002"]
[BlackElo "2525"]
[PlyCount "70"]
[EventDate "2019.??.??"]

1. e4 e5 2. Nf3 Nc6 3. Bc4 Nf6 4. d3 Bc5 5. O-O d6 6. c3 a6 7. a4 Ba7 8. Nbd2
h6 9. Re1 g5 10. Nf1 g4 11. N3d2 h5 12. Nb3 g3 13. hxg3 Bg4 14. Qd2 h4 15. Qg5
Qe7 16. Be3 Rh5 17. Qg7 Rh7 18. Qg5 O-O-O 19. Bxa7 Nxa7 20. Qe3 Kb8 21. Na5
hxg3 22. Nxg3 Bc8 23. Nf5 Bxf5 24. exf5 Rdh8 25. Kf1 d5 26. Bxa6 bxa6 27. Qxa7+
Kxa7 28. Nc6+ Kb7 29. Nxe7 Re8 30. Nxd5 Nxd5 31. f3 Nf4 32. Red1 Rh2 33. g3
Nxd3 34. Ra3 Rh1+ 35. Ke2 Nf4+
0-1

[Event "Nordic Chess Championship 2019"]
[Site "Quality Sarpsborg Hotel"]
[Date "2019.06.21"]
[Round "1"]
[White "Notkevich, Benjamin Arvola"]
[Black "Nilsen, Tobias Lang"]
[Result "1-0"]
[WhiteElo "2485"]
[BlackElo "1986"]
[PlyCount "39"]
[EventDate "2019.??.??"]

1. c4 c5 2. Nc3 Nc6 3. Nf3 g6 4. e3 Nf6 5. d4 cxd4 6. exd4 d5 7. Bg5 Ne4 8.
cxd5 Nxc3 9. bxc3 Qxd5 10. c4 Qe4+ 11. Be3 e5 12. Bd3 Qg4 13. h3 Qh5 14. d5 Nb4
15. Be2 Qf5 16. O-O Be7 17. Rb1 Na6 18. c5 Bxc5 19. Bxa6 Bxe3 20. Bb5+
1-0

[Event "Nordic Chess Championship 2019"]
[Site "Quality Sarpsborg Hotel"]
[Date "2019.06.21"]
[Round "1"]
[White "Unneland, Mathias"]
[Black "Holm, Kristian Stuvik"]
[Result "0-1"]
[WhiteElo "1980"]
[BlackElo "2474"]
[PlyCount "90"]
[EventDate "2019.??.??"]

1. d4 Nf6 2. c4 e6 3. Nf3 d5 4. Nc3 dxc4 5. e4 b5 6. e5 Nd5 7. Nxb5 Nb6 8. Be2
Nc6 9. O-O Be7 10. Be3 O-O 11. Rc1 Nb4 12. Bxc4 Nxc4 13. Rxc4 Ba6 14. Qa4 c6
15. Rxb4 Bxb5 16. Rxb5 cxb5 17. Qxb5 Rb8 18. Qe2 Qa5 19. b3 Rfc8 20. Ne1 Qb5
21. Qg4 a5 22. f4 Rc3 23. Bd2 Rc6 24. f5 exf5 25. Qxf5 Qd5 26. Nc2 Rf8 27. Qd3
Rd8 28. Rf3 Bf8 29. Bc3 g6 30. Qd2 Rdc8 31. Ne3 Qe4 32. Nc4 a4 33. d5 Rc5 34.
Rd3 axb3 35. axb3 Rb5 36. Bb2 Rcc5 37. Nd6 Bxd6 38. exd6 Rxd5 39. Qc3 f6 40.
Qc8+ Kg7 41. Bxf6+ Kf7 42. Qd7+ Kxf6 43. Qd8+ Kg7 44. Qc7+ Kh6 45. Qc1+ g5
0-1

[Event "Nordic Chess Championship 2019"]
[Site "Quality Sarpsborg Hotel"]
[Date "2019.06.21"]
[Round "1"]
[White "Dingertz, Erik"]
[Black "Øgaard, Leif"]
[Result "0-1"]
[WhiteElo "1969"]
[BlackElo "2385"]
[PlyCount "64"]
[EventDate "2019.??.??"]

1. c4 e6 2. g3 Nf6 3. Bg2 d5 4. b3 Be7 5. Bb2 O-O 6. Nf3 c5 7. e3 Nc6 8. O-O b6
9. d4 Ba6 10. Na3 Rc8 11. Rc1 Na5 12. Ne5 cxd4 13. exd4 Nd7 14. Nxd7 Qxd7 15.
Qg4 Rfd8 16. Rfe1 Bb4 17. cxd5 Bxe1 18. Rxe1 Bb7 19. dxe6 fxe6 20. Bxb7 Nxb7
21. Nc4 b5 22. Ne5 Qd5 23. Nd3 Qf5 24. Qd1 Nd6 25. Re5 Qf7 26. Nf4 a6 27. Nxe6
Re8 28. d5 h6 29. Qd4 Rc2 30. Re1 Nf5 31. Qe5 Nh4 32. Qe4 Qxf2+
0-1

[Event "Nordic Chess Championship 2019"]
[Site "Quality Sarpsborg Hotel"]
[Date "2019.06.21"]
[Round "1"]
[White "Rydström, Tom"]
[Black "Holand, Per Fredrik"]
[Result "1-0"]
[WhiteElo "2370"]
[BlackElo "1883"]
[PlyCount "85"]
[EventDate "2019.??.??"]

1. Nc3 d5 2. e4 d4 3. Nce2 e5 4. Nf3 Nc6 5. Ng3 h5 6. h4 Bg4 7. Be2 Qd7 8. d3
Nge7 9. Bd2 Ng6 10. Ng5 Bxe2 11. Qxe2 Nb4 12. Bxb4 Bxb4+ 13. Kf1 Nf4 14. Qd1
O-O-O 15. Ne2 Ne6 16. Nf3 f6 17. a4 g6 18. a5 a6 19. c3 dxc3 20. bxc3 Bc5 21.
Qb3 Rhe8 22. Rd1 Nf4 23. Nxf4 exf4 24. Qc4 Qb5 25. Qxb5 axb5 26. Ke2 b4 27.
cxb4 Bxb4 28. Ra1 f5 29. Ng5 Rd6 30. Rhc1 Ra6 31. f3 Rxa5 32. Rxa5 Bxa5 33. Nh3
fxe4 34. fxe4 Rf8 35. Ra1 b6 36. Rf1 Kd7 37. Nxf4 Rg8 38. Nd5 Rg7 39. Rf6 c6
40. Nf4 Bc3 41. Rxg6 Rxg6 42. Nxg6 Bf6 43. g3
1-0

[Event "Nordic Chess Championship 2019"]
[Site "Quality Sarpsborg Hotel"]
[Date "2019.06.21"]
[Round "1"]
[White "Vestby-Ellingsen, Mads"]
[Black "Stabbetorp, Jon Anders"]
[Result "1-0"]
[WhiteElo "2345"]
[BlackElo "1817"]
[PlyCount "27"]
[EventDate "2019.??.??"]

1. d4 Nf6 2. Nf3 b6 3. g3 Bb7 4. Bg2 d6 5. c4 Nbd7 6. Nc3 e5 7. O-O exd4 8.
Nxd4 Bxg2 9. Kxg2 Nc5 10. e4 g6 11. Re1 Be7 12. Nc6 Qd7 13. Nxe7 Qxe7 14. Nd5
1-0

[Event "Nordic Chess Championship 2019"]
[Site "Quality Sarpsborg Hotel"]
[Date "2019.06.21"]
[Round "1"]
[White "Jashari, Driton"]
[Black "Ernst, Thomas"]
[Result "0-1"]
[WhiteElo "1755"]
[BlackElo "2342"]
[PlyCount "108"]
[EventDate "2019.??.??"]

1. e4 c5 2. Nf3 d6 3. Nc3 Nf6 4. d3 Nc6 5. Be2 e6 6. Bg5 Be7 7. h3 d5 8. exd5
Nxd5 9. Bxe7 Ndxe7 10. Ne4 b6 11. c3 O-O 12. Qc2 e5 13. Rd1 h6 14. Rd2 Ng6 15.
O-O Nf4 16. Rfd1 Nxe2+ 17. Rxe2 Be6 18. b3 Rc8 19. Ng3 Qd5 20. Nf1 Rfd8 21. Ne3
Qd7 22. Red2 Qe7 23. Nc4 Qf6 24. Nh2 Qg6 25. Kh1 Rd5 26. Ne3 Rd7 27. Qb2 Rcd8
28. Qc2 Qh5 29. f3 Qg5 30. Neg4 Bf5 31. Nf2 Bh7 32. Ne4 Qf4 33. g3 Qf5 34. Kg2
Qe6 35. Ng4 f5 36. Ngf2 fxe4 37. fxe4 Rf7 38. Ng4 Rdf8 39. Ne3 Rf3 40. Rf1 Qf7
41. Rdf2 Rxf2+ 42. Rxf2 Qxf2+ 43. Qxf2 Rxf2+ 44. Kxf2 Kf7 45. Kf3 Ke6 46. Nd5
Kd6 47. Ne3 b5 48. Nd5 Bg8 49. Ne3 Be6 50. Nc2 b4 51. c4 Bxh3 52. g4 Nd4+ 53.
Nxd4 exd4 54. Kf4 Ke6
0-1

[Event "Nordic Chess Championship 2019"]
[Site "Quality Sarpsborg Hotel"]
[Date "2019.06.21"]
[Round "1"]
[White "Cederstam Barsk, Carl"]
[Black "Johansen, Torbjørn Reidar"]
[Result "1-0"]
[WhiteElo "2334"]
[BlackElo "1754"]
[PlyCount "37"]
[EventDate "2019.??.??"]

1. Nf3 Nf6 2. c4 c5 3. Nc3 Nc6 4. g3 g6 5. Bg2 Bg7 6. O-O O-O 7. d4 cxd4 8.
Nxd4 a6 9. c5 Qa5 10. Nb3 Qc7 11. Bf4 e5 12. Bg5 b5 13. Nd2 Ra7 14. Nde4 Nxe4
15. Nxe4 Nd8 16. Be7 Re8 17. Bd6 Qa5 18. Bb8 Rc7 19. b4
1-0

[Event "Nordic Chess Championship 2019"]
[Site "Quality Sarpsborg Hotel"]
[Date "2019.06.21"]
[Round "1"]
[White "Johansen, Kolbjørn-Albin"]
[Black "Tryggestad, Andreas G"]
[Result "0-1"]
[WhiteElo "1690"]
[BlackElo "2324"]
[PlyCount "72"]
[EventDate "2019.??.??"]

1. d4 Nf6 2. Bf4 g6 3. Nc3 d5 4. e3 Bg7 5. h4 c5 6. Nb5 Na6 7. c3 Bd7 8. a4 O-O
9. Be2 c4 10. Nf3 Qb6 11. Ne5 Bxb5 12. axb5 Qxb5 13. Qc2 Nd7 14. h5 Nxe5 15.
Bxe5 Bxe5 16. dxe5 Nc5 17. b4 cxb3 18. Bxb5 bxc2 19. Rc1 Rfc8 20. hxg6 hxg6 21.
Rxc2 Ne4 22. e6 Rxc3 23. exf7+ Kxf7 24. Rxc3 Nxc3 25. Bd3 b5 26. Kd2 b4 27.
Rh7+ Kf6 28. f4 a5 29. g4 Ne4+ 30. Bxe4 dxe4 31. g5+ Ke6 32. Rh6 Kf5 33. Rh7 a4
34. Rxe7 a3 35. Re5+ Kg4 36. Rxe4 a2
0-1

[Event "Nordic Chess Championship 2019"]
[Site "Quality Sarpsborg Hotel"]
[Date "2019.06.21"]
[Round "1"]
[White "Hobber, Anders"]
[Black "Eiding, Amanda Mai Irgens"]
[Result "1-0"]
[WhiteElo "2282"]
[BlackElo "1655"]
[PlyCount "91"]
[EventDate "2019.??.??"]

1. d4 d5 2. Bf4 Nf6 3. e3 e6 4. Nf3 Bd6 5. Bg3 O-O 6. Nbd2 c5 7. c3 Nc6 8. Bb5
cxd4 9. exd4 Qc7 10. Bxd6 Qxd6 11. O-O a6 12. Bd3 Re8 13. Re1 e5 14. dxe5 Nxe5
15. Nxe5 Rxe5 16. Rxe5 Qxe5 17. Nf3 Qe7 18. Qa4 Bd7 19. Qf4 Re8 20. h3 Qc5 21.
Qd4 Ne4 22. Bxe4 Qxd4 23. Bxh7+ Kxh7 24. Nxd4 b5 25. Kf1 Kg6 26. Re1 Be6 27. f4
Kf6 28. f5 Bd7 29. Rxe8 Bxe8 30. Kf2 Ke5 31. Ke3 a5 32. b4 a4 33. a3 Bd7 34. g4
Be8 35. Nf3+ Kd6 36. h4 Bd7 37. Kd4 f6 38. Ng1 Be8 39. Ne2 Bf7 40. Nf4 Be8 41.
Nxd5 Bc6 42. Ne3 Bf3 43. g5 fxg5 44. hxg5 Be2 45. c4 bxc4 46. Nxc4+
1-0

[Event "Nordic Chess Championship 2019"]
[Site "Quality Sarpsborg Hotel"]
[Date "2019.06.21"]
[Round "1"]
[White "Vitenberg, Noam Aviv"]
[Black "Strand, Vetle Bjørge"]
[Result "1-0"]
[WhiteElo "2256"]
[BlackElo "1609"]
[PlyCount "109"]
[EventDate "2019.??.??"]

1. Nf3 d5 2. d4 Nf6 3. c4 c6 4. e3 Bg4 5. Nc3 e6 6. Qb3 Qc7 7. Ne5 Bf5 8. h3 h6
9. Bd2 Nbd7 10. Rc1 Qb6 11. Nxd7 Nxd7 12. Be2 Be7 13. O-O O-O 14. Rfe1 Rfe8 15.
Na4 Qxb3 16. axb3 Nb6 17. Nc5 Bxc5 18. dxc5 Nd7 19. b4 a6 20. Bc3 Kh7 21. g4
Bg6 22. Kh2 f6 23. Red1 Rf8 24. f3 Rf7 25. Rd2 Ne5 26. b3 h5 27. Ra1 Re8 28. f4
Nd7 29. f5 exf5 30. gxh5 Bxh5 31. Bxh5 g6 32. Bd1 dxc4 33. Bd4 cxb3 34. Bxb3
Rfe7 35. Rf1 Kg7 36. Rg2 Kh7 37. Bd1 Re4 38. Bc2 R4e7 39. Rfg1 Nf8 40. h4 Rf7
41. h5 g5 42. Bxf5+ Kh6 43. e4 Kxh5 44. Kg3 Kh6 45. Rh2+ Kg7 46. Kf3 Kg8 47.
Rxg5+ Rg7 48. Bxf6 Rxg5 49. Rh8+ Kf7 50. Bxg5 Kg7 51. Rh6 Ra8 52. Rh2 Ng6 53.
Bd2 Ne5+ 54. Kf4 Ng6+ 55. Kg5
1-0

[Event "Nordic Chess Championship 2019"]
[Site "Quality Sarpsborg Hotel"]
[Date "2019.06.21"]
[Round "1"]
[White "Kro, Andreas Fuskeland"]
[Black "Altarbosh, Ward"]
[Result "0-1"]
[WhiteElo "1565"]
[BlackElo "2250"]
[PlyCount "102"]
[EventDate "2019.??.??"]

1. d4 d5 2. c4 c6 3. Nc3 Nf6 4. Nf3 dxc4 5. a4 Bf5 6. Bf4 e6 7. Nh4 Nd5 8. Nxf5
exf5 9. Bd2 Be7 10. Qc2 g6 11. e3 Nxc3 12. Bxc3 Qd5 13. Qe2 b5 14. axb5 cxb5
15. b3 Nd7 16. Qf3 Qxf3 17. gxf3 O-O 18. bxc4 bxc4 19. Be2 Nb6 20. O-O Nd5 21.
Rfc1 Rfc8 22. e4 Nf4 23. Bf1 Nd3 24. Rd1 Rab8 25. Rxa7 Bh4 26. Bxd3 cxd3 27.
Be1 Rc2 28. Ra3 fxe4 29. fxe4 Rbb2 30. Raxd3 Bxf2+ 31. Bxf2 Rxf2 32. d5 Rg2+
33. Kh1 Rxh2+ 34. Kg1 Rhe2 35. d6 Rb8 36. d7 Rd8 37. Rd4 Kf8 38. Rc1 Ke7 39.
Rc7 h5 40. Kf1 Rb2 41. Rd5 Rb4 42. e5 Ke6 43. Rd2 Rbb8 44. Rd6+ Kxe5 45. Rdc6
h4 46. Rc8 Rb1+ 47. Kg2 Rxd7 48. Rc5+ Kf4 49. Rc4+ Kg5 50. Rh8 Rb2+ 51. Kf3 f5
0-1

[Event "Nordic Chess Championship 2019"]
[Site "Quality Sarpsborg Hotel"]
[Date "2019.06.21"]
[Round "1"]
[White "Thorn, Eric"]
[Black "Pettersen, Morgan Buckholm"]
[Result "1-0"]
[WhiteElo "2230"]
[BlackElo "1508"]
[PlyCount "83"]
[EventDate "2019.??.??"]

1. d4 d5 2. c4 c6 3. Nc3 Nf6 4. e3 e6 5. Nf3 Be7 6. Bd3 O-O 7. O-O Nbd7 8. b3
dxc4 9. bxc4 c5 10. d5 exd5 11. cxd5 Re8 12. e4 Ng4 13. Bf4 Bf6 14. Rc1 Nde5
15. Nxe5 Nxe5 16. Be2 a6 17. Be3 Nd7 18. d6 Bxc3 19. Rxc3 b6 20. Qd2 Bb7 21. f3
h6 22. a4 Rc8 23. Rb1 Qf6 24. Bc4 Rc6 25. Bf4 Rcc8 26. Rcb3 Rcd8 27. Bg3 Bc8
28. Qd3 Ne5 29. Bxe5 Qxe5 30. Rxb6 Qd4+ 31. Qxd4 cxd4 32. Rd1 Bd7 33. Rxd4 Bxa4
34. Bxf7+ Kxf7 35. Rxa4 Rd7 36. Raxa6 Ke6 37. Rc6 g5 38. Rc7 Rxd6 39. Rcc6 Red8
40. Kf2 Rxc6 41. Rxc6+ Ke5 42. Rxh6
1-0

[Event "Nordic Chess Championship 2019"]
[Site "Quality Sarpsborg Hotel"]
[Date "2019.06.21"]
[Round "1"]
[White "Granholt, Morten"]
[Black "Haugli, Petter"]
[Result "0-1"]
[WhiteElo "1478"]
[BlackElo "2223"]
[PlyCount "58"]
[EventDate "2019.??.??"]

1. d4 Nf6 2. Nf3 g6 3. c4 Bg7 4. g3 O-O 5. Bg2 d6 6. O-O Bf5 7. Nbd2 c6 8. Nh4
Bc8 9. Qc2 Nbd7 10. e4 e5 11. d5 Qc7 12. Qd1 a5 13. b3 cxd5 14. cxd5 b5 15. Ba3
b4 16. Rc1 Nc5 17. Bb2 Ba6 18. Nc4 Nfxe4 19. Bxe4 Nxe4 20. Nxe5 Nc3 21. Bxc3
bxc3 22. Nc4 Bxc4 23. bxc4 Qxc4 24. Rc2 Rfe8 25. Ng2 Rab8 26. Ne3 Qe4 27. Qe2
Rb2 28. Rfc1 Bd4 29. Re1 Bxe3
0-1

[Event "Nordic Chess Championship 2019"]
[Site "Quality Sarpsborg Hotel"]
[Date "2019.06.21"]
[Round "1"]
[White "Sjøberg, Isak"]
[Black "Hanebuth, Katja"]
[Result "1-0"]
[WhiteElo "2222"]
[BlackElo "1463"]
[PlyCount "111"]
[EventDate "2019.??.??"]

1. e4 d5 2. exd5 Qxd5 3. Nc3 Qd6 4. d4 Nf6 5. h3 a6 6. Be2 h6 7. Bf3 e6 8. Nge2
Nd5 9. O-O Be7 10. a4 O-O 11. Nxd5 exd5 12. Nf4 c6 13. a5 Bf5 14. Re1 Qd8 15.
c3 Nd7 16. Nd3 Bg5 17. b3 Bxc1 18. Nxc1 Qg5 19. Bg4 Bxg4 20. Qxg4 Qxg4 21. hxg4
Rfe8 22. Nd3 f6 23. Rxe8+ Rxe8 24. Kf1 Kf7 25. Ra4 g6 26. Rb4 Rb8 27. Ke2 g5
28. g3 Kg6 29. c4 f5 30. cxd5 fxg4 31. dxc6 bxc6 32. Ne5+ Kf5 33. Nxc6 Re8+ 34.
Kd3 h5 35. Rb7 Ke6 36. Ne5 Nxe5+ 37. dxe5 Kxe5 38. Rh7 Rf8 39. Rxh5 Rf3+ 40.
Kc4 Kf5 41. Rh8 Kg6 42. Rg8+ Kh6 43. Ra8 Rf6 44. b4 Kg7 45. Ra7+ Kg6 46. Rb7
Rxf2 47. Rb6+ Kh5 48. Rxa6 Rf3 49. b5 Rxg3 50. b6 Rg1 51. b7 Rb1 52. Rb6 Rxb6
53. axb6 g3 54. b8=Q Kh4 55. Qh8+ Kg4 56. Qh1
1-0

[Event "Nordic Chess Championship 2019"]
[Site "Quality Sarpsborg Hotel"]
[Date "2019.06.21"]
[Round "1"]
[White "Nordtug, Per Øistein"]
[Black "Abdrlauf, Elham"]
[Result "0-1"]
[WhiteElo "1456"]
[BlackElo "2207"]
[PlyCount "44"]
[EventDate "2019.??.??"]

1. c4 f5 2. Nc3 Nf6 3. Nf3 g6 4. e3 Bg7 5. d4 O-O 6. Be2 d6 7. O-O Nbd7 8. b3
e5 9. dxe5 Nxe5 10. Bb2 Qe7 11. Qc2 Ne4 12. Nxe4 fxe4 13. Nxe5 Bxe5 14. Rad1
Bd7 15. Bd4 b6 16. Qb2 Bxd4 17. Qxd4 Rae8 18. h3 h5 19. Qd5+ Kh7 20. Rd2 Rf5
21. Qb7 Bc8 22. Qxa7 Ra5
0-1

[Event "Nordic Chess Championship 2019"]
[Site "Quality Sarpsborg Hotel"]
[Date "2019.06.21"]
[Round "1"]
[White "Asbjørnsen, Jakob"]
[Black "Kvaløy, Aksel Bu"]
[Result "0-1"]
[WhiteElo "1359"]
[BlackElo "2138"]
[PlyCount "62"]
[EventDate "2019.??.??"]

1. e4 c5 2. Ne2 d6 3. Nbc3 a6 4. g3 Nc6 5. Bg2 g6 6. O-O Bg7 7. d3 e6 8. Be3
Nd4 9. Qd2 Ne7 10. Rab1 O-O 11. Bh6 b5 12. Bxg7 Kxg7 13. Nxd4 cxd4 14. Ne2 e5
15. f4 f6 16. c3 dxc3 17. bxc3 Qb6+ 18. Kh1 Be6 19. a4 Qc6 20. axb5 axb5 21.
Rb2 f5 22. d4 fxe4 23. Qe3 Bd5 24. fxe5 Rxf1+ 25. Bxf1 Nf5 26. Qf4 e3+ 27. Kg1
Ra1 28. g4 Bg2 29. gxf5 Rxf1+ 30. Qxf1 Bxf1 31. Kxf1 Qf3+
0-1

[Event "Nordic Chess Championship 2019"]
[Site "Quality Sarpsborg Hotel"]
[Date "2019.06.21"]
[Round "1"]
[White "Sahl, Sheila Barth"]
[Black "Kristiansen, Terje"]
[Result "1-0"]
[WhiteElo "2127"]
[BlackElo "1330"]
[PlyCount "65"]
[EventDate "2019.??.??"]

1. e4 c6 2. d4 d5 3. exd5 cxd5 4. Bd3 Nf6 5. c3 Nc6 6. Bf4 e6 7. Nf3 Bd6 8.
Bxd6 Qxd6 9. O-O O-O 10. Re1 Qd8 11. Nbd2 Bd7 12. Ne5 Rc8 13. Re3 Ne7 14. Rh3
Nf5 15. g4 Nd6 16. g5 Bb5 17. gxf6 Bxd3 18. fxg7 Re8 19. Nxd3 Qg5+ 20. Kh1 Nf5
21. Qh5 h6 22. Qxg5 hxg5 23. Rg1 f6 24. f4 Kxg7 25. fxg5 Kg6 26. Nf4+ Kf7 27.
Rh7+ Kg8 28. Rxb7 Re7 29. gxf6+ Kf8 30. fxe7+ Nxe7 31. Nxe6+ Kf7 32. Rg7+ Kxe6
33. Rbxe7+
1-0

[Event "Nordic Chess Championship 2019"]
[Site "Quality Sarpsborg Hotel"]
[Date "2019.06.21"]
[Round "1"]
[White "Høiom, Jonas"]
[Black "Neretljak, Nedzad"]
[Result "0-1"]
[WhiteElo "1317"]
[BlackElo "2114"]
[PlyCount "38"]
[EventDate "2019.??.??"]

1. d4 d5 2. c4 c6 3. Nc3 e6 4. Nf3 Nf6 5. g3 Bd6 6. Bg2 Nbd7 7. O-O h6 8. Qc2
dxc4 9. a4 O-O 10. e4 e5 11. d5 Nc5 12. dxc6 bxc6 13. Nd2 Ba6 14. Rd1 Nd3 15.
Bf1 Nxf2 16. Kxf2 Ng4+ 17. Ke2 Qb6 18. Kf3 Qf2+ 19. Kxg4 Bc8+
0-1

[Event "Nordic Chess Championship 2019"]
[Site "Quality Sarpsborg Hotel"]
[Date "2019.06.21"]
[Round "1"]
[White "Rishovd, Svein"]
[Black "Haggar, Haytham"]
[Result "1-0"]
[WhiteElo "2113"]
[BlackElo "1309"]
[PlyCount "77"]
[EventDate "2019.??.??"]

1. g3 d5 2. Bg2 e5 3. d3 Be6 4. Nf3 Bd6 5. O-O h6 6. Nbd2 f5 7. e4 fxe4 8. dxe4
Nf6 9. exd5 Bxd5 10. Re1 Nbd7 11. Nxe5 Bxe5 12. Bxd5 Nxd5 13. Nc4 N5f6 14. Nxe5
O-O 15. Nxd7 Qxd7 16. Qxd7 Nxd7 17. Bf4 c6 18. Rad1 Rf7 19. Bd6 Nf6 20. Kg2 Rd8
21. Bc5 Rxd1 22. Rxd1 a6 23. f3 Nd7 24. Bd4 Re7 25. Kf2 Kf7 26. c4 c5 27. Bc3
g6 28. Rd6 Ne5 29. Bxe5 Rxe5 30. Rd7+ Re7 31. Rxe7+ Kxe7 32. Ke3 Kd6 33. Ke4 b5
34. b3 bxc4 35. bxc4 Kc6 36. Ke5 Kc7 37. Kd5 Kb6 38. Kd6 g5 39. f4
1-0

[Event "Nordic Chess Championship 2019"]
[Site "Quality Sarpsborg Hotel"]
[Date "2019.06.22"]
[Round "2"]
[White "Ingebretsen, Jens E"]
[Black "Hammer, Jon Ludvig"]
[Result "0-1"]
[WhiteElo "2263"]
[BlackElo "2645"]
[PlyCount "56"]
[EventDate "2019.??.??"]

1. c4 e5 2. Nc3 Bb4 3. g3 Bxc3 4. dxc3 d6 5. e4 Nc6 6. f3 f5 7. Nh3 fxe4 8.
fxe4 Nf6 9. Nf2 O-O 10. Be3 b6 11. Bd3 Qe8 12. g4 Be6 13. Qe2 a5 14. a4 Nd7 15.
c5 Nxc5 16. Bb5 Bd7 17. g5 Ne7 18. Bc4+ Kh8 19. h4 Ng6 20. O-O-O Nf4 21. Qd2
Bxa4 22. Rdg1 Bb3 23. Bxc5 Bxc4 24. Be3 Ne2+ 25. Kd1 Qa4+ 26. Ke1 Qa1+ 27. Nd1
Nxg1 28. Rxg1 Rf3
0-1

[Event "Nordic Chess Championship 2019"]
[Site "Quality Sarpsborg Hotel"]
[Date "2019.06.22"]
[Round "2"]
[White "Strand, Vetle Bjørge"]
[Black "Blauhut, Holger"]
[Result "0-1"]
[WhiteElo "1609"]
[BlackElo "2041"]
[PlyCount "151"]
[EventDate "2019.??.??"]

1. d4 d5 2. c4 e6 3. Nc3 Nf6 4. Bg5 Nbd7 5. e3 c6 6. Nf3 Qa5 7. Nd2 Bb4 8. Qc1
dxc4 9. Bxf6 Nxf6 10. Nxc4 Qg5 11. Nd2 O-O 12. a3 Be7 13. g3 Rd8 14. Bg2 Qh6
15. Nce4 e5 16. Nxf6+ Bxf6 17. dxe5 Bxe5 18. O-O Bh3 19. Nc4 Bxg2 20. Kxg2 Bc7
21. Qc2 Qh5 22. Nd2 Rd6 23. Rad1 Rh6 24. h4 Qg4 25. Nf3 Rg6 26. Rd4 Qh5 27. Rd7
Rc8 28. Rfd1 h6 29. Qb3 Rf6 30. e4 Bb6 31. Rxb7 g5 32. hxg5 hxg5 33. Rh1 Qg6
34. e5 Rf5 35. Rf1 Rd8 36. Re7 Kf8 37. Rb7 c5 38. Qc2 g4 39. Nh4 Qc6+ 40. Kg1
Rh5 41. Rxb6 axb6 42. f3 gxf3 43. Nxf3 Qh6 44. Nh4 Rxh4 45. gxh4 Rd2 46. Qf5
Qg7+ 47. Qg5 Qxg5+ 48. hxg5 Ke7 49. b4 c4 50. Rc1 b5 51. Rc3 Rb2 52. Rc1 Ke6
53. Kf1 Kxe5 54. Ke1 Kf5 55. Kd1 Ra2 56. Rc3 Kxg5 57. Kc1 f5 58. Kb1 Rg2 59. a4
bxa4 60. Rxc4 Rg4 61. Rc2 Rxb4+ 62. Kc1 a3 63. Ra2 Rb3 64. Kd1 f4 65. Ke1 f3
66. Ra1 Kg4 67. Kf2 Rb2+ 68. Ke3 a2 69. Rg1+ Rg2 70. Rc1 Kg3 71. Ke4 Rb2 72.
Rg1+ Kh2 73. Ra1 Kg2 74. Kd3 f2 75. Kc3 Re2 76. Rd1
0-1

[Event "Nordic Chess Championship 2019"]
[Site "Quality Sarpsborg Hotel"]
[Date "2019.06.22"]
[Round "2"]
[White "Johansen, Torbjørn Reidar"]
[Black "Nizar, Siako"]
[Result "1-0"]
[WhiteElo "1754"]
[BlackElo "1209"]
[PlyCount "55"]
[EventDate "2019.??.??"]

1. e4 e6 2. d4 d5 3. e5 c5 4. c3 h6 5. Nf3 Nc6 6. a3 cxd4 7. cxd4 a6 8. Bd3
Nge7 9. O-O b5 10. b4 Qb6 11. Nc3 Bd7 12. Bb2 Nf5 13. Bxf5 exf5 14. Nxd5 Qb7
15. Re1 Be6 16. Nf4 Ne7 17. d5 Nxd5 18. Nxe6 fxe6 19. Nd4 Nf4 20. f3 Rd8 21.
Qb3 Qd5 22. Qxd5 Rxd5 23. Rad1 Kf7 24. g3 Nh5 25. Rc1 g5 26. Rc7+ Be7 27. Nxf5
Re8 28. Nd6+
1-0

[Event "Nordic Chess Championship 2019"]
[Site "Quality Sarpsborg Hotel"]
[Date "2019.06.22"]
[Round "2"]
[White "Haggar, Haytham"]
[Black "Johansen, Kolbjørn-Albin"]
[Result "0-1"]
[WhiteElo "1309"]
[BlackElo "1690"]
[PlyCount "76"]
[EventDate "2019.??.??"]

1. d4 e6 2. c4 f5 3. Nf3 Nf6 4. Nc3 Bb4 5. a3 Bxc3+ 6. bxc3 O-O 7. Bg5 h6 8.
Bf4 Ne4 9. Qc2 b6 10. Ne5 d6 11. Nd3 g5 12. Be3 Bb7 13. f3 Nf6 14. h4 Nh7 15.
hxg5 hxg5 16. Nf2 Qe7 17. g4 Nd7 18. gxf5 exf5 19. Bd2 Bxf3 20. Rg1 Rae8 21.
O-O-O Be4 22. Nxe4 fxe4 23. Be3 d5 24. Qb3 Kh8 25. cxd5 b5 26. Bh3 Nb6 27. Rg3
Nc4 28. a4 Qd6 29. Rdg1 Nxe3 30. Rxe3 bxa4 31. Qxa4 Qxd5 32. Bd7 Re7 33. Bc6
Qf5 34. Reg3 a5 35. d5 Rb8 36. e3 Qf2 37. R1g2 Qf1+ 38. Kc2 Qd3+
0-1

[Event "Nordic Chess Championship 2019"]
[Site "Quality Sarpsborg Hotel"]
[Date "2019.06.22"]
[Round "3"]
[White "Hammer, Jon Ludvig"]
[Black "Ernst, Thomas"]
[Result "1-0"]
[WhiteElo "2645"]
[BlackElo "2342"]
[PlyCount "103"]
[EventDate "2019.??.??"]

1. e4 c5 2. Nf3 d6 3. Bc4 Nc6 4. d4 cxd4 5. Nxd4 Nf6 6. Nc3 e6 7. O-O Be7 8. b3
O-O 9. Bb2 a6 10. Nxc6 bxc6 11. Qe2 e5 12. Rad1 Qc7 13. Na4 Re8 14. h3 Bb7 15.
Bd3 Bf8 16. f4 Rad8 17. fxe5 dxe5 18. Rxf6 gxf6 19. Rf1 Bg7 20. Bc1 Rd4 21. Be3
Red8 22. Nc5 a5 23. Bxd4 Rxd4 24. c3 Rd8 25. Nxb7 Qxb7 26. Bc4 Qe7 27. Qh5 Rd2
28. a4 Qd7 29. Kh2 Qa7 30. Rb1 Rd7 31. Qg4 Rd8 32. Rf1 Kh8 33. Rd1 Rf8 34. Rd7
Qf2 35. Rxf7 Rxf7 36. Bxf7 Qf4+ 37. Qxf4 exf4 38. b4 f5 39. bxa5 Bxc3 40. a6
Bd4 41. exf5 Kg7 42. Be8 Kf6 43. h4 Kxf5 44. Kh3 Ba7 45. Bxc6 h6 46. Bd7+ Kf6
47. Kg4 Bb8 48. a5 Kg6 49. Be8+ Kf6 50. Bb5 Kg6 51. Bd3+ Kf6 52. Bc2
1-0